MARC

LEADER 00000nam0a2200000 4500
001 139473
005 20231031141748.0
010 |a 5217013028 
035 |a (RuTPU)RU\TPU\book\151099 
090 |a 139473 
100 |a 20080607d1991 m y0rusy50 ca 
101 0 |a rus 
102 |a RU 
105 |a a g 001zy 
200 1 |a Конструкции с заполнителем  |e справочник  |f В. Ф. Панин, Ю. А. Гладков 
210 |a Москва  |c Машиностроение  |d 1991 
215 |a 272 с.  |c ил. 
320 |a Библиогр.: с. 264-265. 
610 1 |a инженерные конструкции 
610 1 |a многослойные конструкции 
610 1 |a справочники 
610 1 |a сотовые конструкции 
610 1 |a материалы 
610 1 |a прочность 
610 1 |a устойчивость 
610 1 |a параметры 
610 1 |a проектирование 
610 1 |a испытания 
610 1 |a эксплуатация 
675 |a 624.016(035)  |v 3 
700 1 |a Панин  |b В. Ф.  |g Василий Федорович 
701 1 |a Гладков  |b Ю. А.  |g Юрий Акимович 
801 1 |a RU  |b 63413507  |c 20080607  |g PSBO 
801 2 |a RU  |b 63413507  |c 20081219  |g PSBO 
942 |c BK